000
00216nam a22000857a 4500
008
170113b xxu||||| |||| 00| 0 eng d
100
_9
2403
_a
Sharma.J.P.
245
_a
Biology Practical-XII
260
_a
New Delhi
_b
L.P.
_c
2011
999
_c
5429
_d
5429